000 00826nam a22002897a 4500
001 0008983
003 KOHA_MİRAKIL
005 20260207001654.0
007 ta
008 091120b2006 tu a|||gr||||#||||0|tur |
020 _a9759402599
_c39
040 _aTR-BiSEU
_btur
_cTR-BiSEU
_erda
041 0 _atur
044 _ctu
050 _aNC1001
_b.O33 2006
100 1 _aOdabaşı, Hatice Aslan.
245 1 _aGrafikte temel tasarım/
_cHatice Aslan Odabaşı ; Hatice Aslan Odabaşı.
264 1 _aİstanbul :
_bYorum Sanat yay.
_c2006
300 _a204 sayfa :
_bresimli ;
_c28 cm.
336 _ametin
_btxt
_2rdacontent
337 _aaracısız
_bn
_2rdamedia
338 _acilt
_bnc
_2rdacarrier
500 _aKaynakça var.
650 0 _aTasarım.
_92335
650 0 _aGrafik sanatlar.
_92337
942 _2lcc
_cBK
999 _c8955
_d8955